Organización de los sectores populares: un despertar, sí, un fortalecimiento, quién sabe
Guardado en:
| Format: | Texto |
|---|---|
| Fag: | |
| Tags: |
Tilføj Tag
Ingen Tags, Vær først til at tagge denne postø!
|
MARC
| LEADER | 00000 a a2200000 04500 | ||
|---|---|---|---|
| 001 | 1524 | ||
| 003 | |||
| 040 | |||
| 245 | |a Organización de los sectores populares: |b un despertar, sí, un fortalecimiento, quién sabe | ||
| 650 | |a SECTORES POPULARES | ||
| 650 | |a SINDICATOS | ||
| 650 | |a MOVIMIENTOS SOCIALES | ||
| 650 | |a TRABAJADORES | ||
| 650 | |a COSTA RICA | ||
| 773 | |g número 10; páginas 10-12 | ||
| 999 | |c 25550 |d 25550 | ||
